00496nam a2200181Ia 450000500170000000800410001702000150005808200130007310000170008624500220010325000080012526000400013330000130017350000120018694200060019895200950020499900150029920250310054203.0240331s9999 xx 000 0 und d a9555732132 bSELa820 aSelvadurai,S 0aAmuthu elandariya a3rd aNugegodabSarasavi publishersc2003 a291 p ., aA novel cL 001040708LaWERCLbWERCLcSSCd2024-03-31l0o 820 SELp4766r2024-03-31w2024-03-31yL c5152d5152